[Event "ROM-ch U20"]
[Site "Calimanesti Caciulata"]
[Date "2016.04.20"]
[Round "3"]
[White "Korcsek, Daniel Cristian"]
[Black "Vrencian, Lehel"]
[Result "0-1"]
[WhiteElo "1687"]
[BlackElo "2225"]
[PlyCount "96"]
[EventDate "2016.04.18"]
[EventType "tourn"]
[EventRounds "7"]
[EventCountry "ROU"]
[SourceTitle "CBM 172 Extra"]
[Source "ChessBase"]
[SourceDate "2016.06.21"]
[SourceVersion "1"]
[SourceVersionDate "2016.06.21"]
[SourceQuality "1"]

1. d4 Nf6 2. c4 e6 3. Nc3 Bb4 4. Nf3 c5 5. e3 cxd4 6. exd4 d5 7. a3 Bxc3+ 8. bxc3 0-0 9. Qc2 b6 10. Bg5 Bb7 11. cxd5 Qxd5 12. Bxf6 gxf6 13. Be2 Nd7 14. 0-0 Kh8 15. Rfd1 Rg8 16. Qd3 Rac8 17. c4 Rxc4 18. Qxc4 Qxc4 19. Bxc4 Bxf3 20. g3 Bxd1 21. Rxd1 Rd8 22. f4 f5 23. Be2 Nf6 24. Bf3 Kg7 25. h3 h5 26. Kf2 Rc8 27. Ke3 Rc4 28. Rd3 Kf8 29. d5 exd5 30. Bxd5 Nxd5+ 31. Rxd5 Rc3+ 32. Kf2 Rxa3 33. Rxf5 Ra5 34. Rf6 Rb5 35. g4 hxg4 36. hxg4 a5 37. Rc6 a4 38. Rc1 Ke7 39. Ke3 Kd6 40. Kd4 Rb4+ 41. Ke3 b5 42. g5 Rc4 43. Ra1 Ke6 44. Rf1 Kf5 45. Rd1 Re4+ 46. Kd3 Rxf4 47. Rb1 b4 48. Ra1 b3 0-1

[Event "ROM-ch U20"]
[Site "Calimanesti Caciulata"]
[Date "2016.04.18"]
[Round "1"]
[White "Korcsek, Daniel Cristian"]
[Black "Tomici, Stefan"]
[Result "0-1"]
[WhiteElo "1687"]
[BlackElo "2359"]
[PlyCount "74"]
[EventDate "2016.04.18"]
[EventType "tourn"]
[EventRounds "7"]
[EventCountry "ROU"]
[SourceTitle "CBM 172 Extra"]
[Source "ChessBase"]
[SourceDate "2016.06.21"]
[SourceVersion "1"]
[SourceVersionDate "2016.06.21"]
[SourceQuality "1"]

1. d4 e6 2. c4 b6 3. Nf3 Bb7 4. Nc3 Nf6 5. Bg5 Be7 6. e3 h6 7. Bh4 d6 8. h3 Nbd7 9. Bd3 e5 10. dxe5 dxe5 11. Bxf6 Bxf6 12. Nd5 0-0 13. 0-0 Nc5 14. Be2 e4 15. Nxf6+ Qxf6 16. Nd4 Rad8 17. Qc2 Nd3 18. Bxd3 exd3 19. Qd2 Rfe8 20. Rfe1 Qg6 21. f4 c5 22. Nb5 a6 23. Nc3 f5 24. Rad1 Be4 25. Qf2 Qc6 26. Rd2 b5 27. cxb5 axb5 28. a3 b4 29. axb4 cxb4 30. Nxe4 fxe4 31. Ra1 Ra8 32. Rad1 Ra5 33. g4 Rc5 34. Qe1 b3 35. Rf2 Qb6 36. Rc1 Rc2 37. Rfxc2 bxc2 0-1

[Event "ROM-ch U18"]
[Site "Calimanesti"]
[Date "2015.04.02"]
[Round "4"]
[White "Korcsek, Daniel Cristian"]
[Black "Ghitoiu Stelzner, Luigi Rafael"]
[Result "1/2-1/2"]
[WhiteElo "1429"]
[BlackElo "1698"]
[PlyCount "63"]
[EventDate "2015.03.30"]
[EventType "swiss"]
[EventRounds "9"]
[EventCountry "ROU"]
[SourceTitle "CBM 165 Extra"]
[Source "ChessBase"]
[SourceDate "2015.04.21"]
[SourceVersion "1"]
[SourceVersionDate "2015.04.21"]
[SourceQuality "1"]

1. d4 f5 2. c4 e6 3. Nc3 Nf6 4. Nf3 d5 5. Bf4 c6 6. e3 Bd6 7. Be5 0-0 8. h3 Ne4 9. Nxe4 fxe4 10. Bxd6 Qxd6 11. Ne5 Nd7 12. c5 Qe7 13. Nxd7 Bxd7 14. Be2 e5 15. 0-0 exd4 16. exd4 Rf6 17. b4 Raf8 18. Qb3 Rg6 19. Qe3 Qh4 20. Kh2 Rgf6 21. Qg3 Qf4 22. Qxf4 Rxf4 23. a4 Rxf2 24. Rae1 Rxf1 25. Rxf1 Rxf1 26. Bxf1 a6 27. Kg3 Kf7 28. Kf4 Kf6 29. h4 h6 30. Be2 g5+ 31. hxg5+ hxg5+ 32. Ke3 1/2-1/2

[Event "ROM-ch U18"]
[Site "Calimanesti"]
[Date "2015.04.01"]
[Round "3"]
[White "Korcsek, Daniel Cristian"]
[Black "Oprita, George"]
[Result "0-1"]
[WhiteElo "1429"]
[BlackElo "1718"]
[PlyCount "64"]
[EventDate "2015.03.30"]
[EventType "swiss"]
[EventRounds "9"]
[EventCountry "ROU"]
[SourceTitle "CBM 165 Extra"]
[Source "ChessBase"]
[SourceDate "2015.04.21"]
[SourceVersion "1"]
[SourceVersionDate "2015.04.21"]
[SourceQuality "1"]

1. d4 Nf6 2. c4 g6 3. Nc3 Bg7 4. e4 d6 5. Nf3 0-0 6. Be2 e5 7. d5 a5 8. h3 Ne8 9. 0-0 f5 10. exf5 gxf5 11. Bg5 Nf6 12. Qd2 f4 13. Qc2 Qe8 14. Bd3 Qh5 15. Ne4 Nbd7 16. Bxf6 Nxf6 17. Nfg5 Nxe4 18. Nxe4 f3 19. Ng3 Qh4 20. Nf5 Bxf5 21. Bxf5 fxg2 22. Kxg2 Qg5+ 23. Bg4 h5 24. Rh1 hxg4 25. hxg4 Qxg4+ 26. Kf1 Rf5 27. Re1 Raf8 28. Re2 R8f6 29. Rg1 Qh3+ 30. Ke1 Qh2 31. Rg4 Qh1+ 32. Kd2 Rxf2 0-1

[Event "ROM-ch U18"]
[Site "Calimanesti"]
[Date "2015.03.30"]
[Round "1"]
[White "Korcsek, Daniel Cristian"]
[Black "Toth, Botond Artur"]
[Result "1/2-1/2"]
[WhiteElo "1429"]
[BlackElo "1937"]
[PlyCount "134"]
[EventDate "2015.03.30"]
[EventType "swiss"]
[EventRounds "9"]
[EventCountry "ROU"]
[SourceTitle "CBM 165 Extra"]
[Source "ChessBase"]
[SourceDate "2015.04.21"]
[SourceVersion "1"]
[SourceVersionDate "2015.04.21"]
[SourceQuality "1"]

1. d4 Nf6 2. c4 e6 3. Nc3 Bb4 4. Qc2 c5 5. dxc5 Na6 6. a3 Bxc5 7. Nf3 0-0 8. Bg5 Be7 9. e3 h6 10. Bh4 b6 11. Be2 Bb7 12. 0-0 Nc5 13. Rac1 Nfe4 14. Bxe7 Qxe7 15. b4 Nxc3 16. Qxc3 Ne4 17. Qb2 d5 18. cxd5 Bxd5 19. Bc4 Bb7 20. Rfe1 Rfd8 21. Bf1 Bd5 22. Qe5 f6 23. Rc7 Qd6 24. Qxd6 Nxd6 25. Nd4 Kf8 26. Nb5 Nxb5 27. Bxb5 a6 28. Be2 Bb3 29. Rec1 Rd6 30. h3 a5 31. bxa5 bxa5 32. Bf3 Rad8 33. Ra7 a4 34. Rcc7 e5 35. Rxg7 Be6 36. Rh7 R6d7 37. Raxd7 Rxd7 38. Rxh6 Rd3 39. Rh8+ Kg7 40. Ra8 Rxa3 41. Ra5 Ra1+ 42. Kh2 Bb3 43. Bd5 Bc2 44. e4 Kh6 45. h4 Re1 46. Kg3 Rg1 47. Ra6 Kg6 48. Kh2 Rc1 49. Rc6 Kg7 50. g4 a3 51. Bb3 Rb1 52. Rxc2 Rxb3 53. Ra2 Kg6 54. Kg2 Kh6 55. Rc2 Rb2 56. Rc6 Kg7 57. Ra6 a2 58. Kg3 Rb3+ 59. f3 Rb2 60. g5 fxg5 61. hxg5 Rc2 62. Kg4 Rf2 63. Kf5 Rxf3+ 64. Kxe5 Rf2 65. Kd4 Rg2 66. e5 Kf7 67. e6+ Ke7 1/2-1/2

[Event "ROM-chT2"]
[Site "Calimanesti"]
[Date "2014.11.09"]
[Round "2.6"]
[White "Korcsek, Daniel Cristian"]
[Black "Rosca, Vasile Benone"]
[Result "0-1"]
[WhiteElo "1447"]
[BlackElo "1973"]
[PlyCount "39"]
[EventDate "2014.11.08"]
[EventType "team-tourn"]
[EventRounds "9"]
[EventCountry "ROU"]
[SourceTitle "CBM 163 Extra"]
[Source "ChessBase"]
[SourceDate "2014.12.23"]
[SourceVersion "1"]
[SourceVersionDate "2014.12.23"]
[SourceQuality "1"]
[WhiteTeam "Resita Muncitorul"]
[BlackTeam "Targoviste Chindia"]
[WhiteTeamCountry "ROU"]
[BlackTeamCountry "ROU"]

1. d4 Nf6 2. c4 g6 3. Nc3 d5 4. e3 Bg7 5. Nf3 0-0 6. Be2 b6 7. 0-0 Bb7 8. Bd2 Nbd7 9. Rc1 c5 10. dxc5 Nxc5 11. cxd5 Nxd5 12. Nxd5 Bxd5 13. b3 Ne4 14. Bb4 a5 15. Ba3 Nc3 16. Qd3 Bxf3 17. Qxd8 Nxe2+ 18. Kh1 Rfxd8 19. gxf3 Nxc1 20. Rxc1 0-1